01850naa#a2200361#i#4500001001500000005001700015011001400032100004100046101000800087102000700095200014900102210006200251215001000313606019600323608002700519675006100546686015000607686004800757686012100805686007700926686008901003686009901092686007901191686006301270700002301333700001801356700002201374700001901396700002001415700002101435700001801456856001401474EN\\bibl\2523120260512211110.2##a1024-6177##a20190211b2019####ek#y0engy0150####ca0#aRUS##aRU1#aMalignant Transformation of Mesenchymal Stem Cells from Different Mouse Tissues after Mixed Gamma-Neutron Irradiation in vitroeJournal article1#aMoscowcFederal Medical Biological Agency of Russiad2019##a9 с.##aЯдерные физика и технологии. 14.04.02aКлиническая медицина. 31.06.2001aРадиология. 31.08.08aЭпидемиология. 32.08.122local##aJournal article2local##aМедицина. Охрана здоровья. 61zRUS##aСоциальная гигиена и организация здравоохранения. Гигиена. Эпидемиология. 512bbk##aОбщая диагностика. 5342bbk##aГигиена и санитария. Эпидемиология. Медицинская экология. 57082tbk##aМедицинская биология. Гистология. 57122tbk##aМедицинская радиология и рентгенология. 57342tbk##aРадиоактивные элементы и изотопы. Радиохимия. 62122tbk##aМедико-биологические дисциплины. 76.032grnti##aГигиена и эпидемиология. 76.332grnti#1aSemochkinagYu. P.#1aRodinagA. V.#1aMoskalevagE. Yu.#1aZhorovagE. S.#1aSaprykingV. P.#1aArzumanovgS. S.#1aSafronovgV. 4#azh-szf.ru